Contabilidade pública / (Record no. 983)

MARC details
000 -LÍDER
Campo Fixo de Controle 01134nam a2200289 a 4500
001 - NÚMERO DE CONTROLE
Campo de Controle 983
003 - IDENTIFICAÇÃO DO NÚMERO DE CONTROLE
Campo de Controle BR-CuiBMT
005 - DATA E HORA DA ÚLTIMA ATUALIZAÇÃO
Campo de Controle 20231124200417.0
008 - DADOS FIXOS
Dados Fixos 231124s2002 dfba 000 0 por d
020 ## - INTERNATIONAL STANDARD BOOK NUMBER
Nº do ISBN 8570620659
040 ## - AGÊNCIA CATALOGADORA
Código da Agência Catalogadora BR-CuiBMT
Agência que transcreveu o registro BR-CuiBMT
080 ## - Nº DA CLASSIFICAÇÃO DECIMAL UNIVERSAL
Nº edição CDU 2007
Nº Class. CDU 657:336.1
090 ## - NÚMERO DE CHAMADA
Nº classificação 657:336.1
Cutter P667c
Ano/Edição 7. ed.
100 1# - ENTRADA PRINCIPAL -- AUTOR PESSOAL
Nome pessoal Pires, João Batista Fortes de Souza
245 ## - TÍTULO PRINCIPAL
Título principal Contabilidade pública /
Indicação de responsabilidade João Batista Fortes de Souza Pires.
246 14 - FORMAS VARIANTES DO TÍTULO
Título principal Contabilidade pública :
Subtítulo orçamento público,lei de responsabilidade fiscal : teoria e prática : para cursos de contabilidade, administração, economia e concursos públicos.
250 ## - EDIÇÃO
Edição 7. rev., atual. e ampl.
260 ## - PUBLICAÇÃO, DISTRIBUIÇÃO, ETC.
Local de publicação Brasília :
Editora Franco & Fortes,
Data 2002.
300 ## - DESCRIÇÃO FÍSICA
N. páginas ou volumes 586 p.:
Ilustrações il.
Dimensões 23 cm
500 ## - NOTAS GERAIS
Notas gerais Revista, atualizada e ampliada; contando as alterações da Portaria n°163, de 04/05/2001. Mais de 400 exercícios gabaritados.
504 ## - NOTA DE BIBLIOGRAFIA, ETC.
Nota de bibliografia Inclui bibliografia.
650 ## - ASSUNTO TÓPICO
Cabeçalho tópico ou nome geográfico Contabilidade pública
650 ## - ASSUNTO TÓPICO
Cabeçalho tópico ou nome geográfico Finanças públicas
650 ## - ASSUNTO TÓPICO
Cabeçalho tópico ou nome geográfico Administração financeira
650 ## - ASSUNTO TÓPICO
Cabeçalho tópico ou nome geográfico Administração orçamentária
942 ## - ELEMENTOS DE ENTRADA ADICIONAIS (KOHA)
Fonte de classificação ou esquema de arquivamento Classificação Decimal Universal
Tipo de item do Koha Livros
Holdings
Estado: removido Estado: perdido Fonte de classificação ou esquema de arquivamento Estado: danificado Indisponível para empréstimo Localização permanente Localização atual Data de aquisição Total Checkouts Número de Chamada completo Código de barras Date last seen Número do exemplar Preço efetivo a partir de Tipo de item (Koha)
    Classificação Decimal Universal     Biblioteca da Escola Superior de Contas do TCE/MT Biblioteca da Escola Superior de Contas do TCE/MT 23/09/2008   657:336.1 P667c BIBTCEMT23111053 24/11/2023 Ex. 1 24/11/2023 Livros
    Classificação Decimal Universal     Biblioteca da Escola Superior de Contas do TCE/MT Biblioteca da Escola Superior de Contas do TCE/MT 18/10/2018   657:336.1 P667c BIBTCEMT23111055 24/11/2023 Ex. 2 24/11/2023 Livros
    Classificação Decimal Universal     Biblioteca da Escola Superior de Contas do TCE/MT Biblioteca da Escola Superior de Contas do TCE/MT 24/11/2023   657:336.1 P667c BIBTCEMT23111056 24/11/2023 Ex. 3 24/11/2023 Livros

Powered by Koha